00322 a2200133 450000100060000002000060000604000370001210000390004924000320008824500270012030000080014736200090015565000240016475102 a  cAnchieta - Colégio São Paulo aSilva, Barbara - Christine Nentwig10aAtlas Escolar da Bahialpor10aAtlas Escolar da Bahia a2000 a2004 4aGeografia e viagens